germination study on rubber seeds of different varieties at chup rubber company (ដំណុះភាពកៅស៊ូទៅតាមប្រភេទនៃគ្រាប់ពូជផ្សេងៗគ្នា នៅក្រុមហ៊ុនចំការកៅស៊ូជុប) (Record no. 555)

000 -LEADER
fixed length control field 00647nam a22001577a 4500
003 - CONTROL NUMBER IDENTIFIER
control field OSt
005 - DATE AND TIME OF LATEST TRANSACTION
control field 20150916105210.0
008 - FIXED-LENGTH DATA ELEMENTS--GENERAL INFORMATION
fixed length control field 150916b xxu||||| |||| 00| 0 eng d
040 ## - CATALOGING SOURCE
Transcribing agency RUA
082 ## - DEWEY DECIMAL CLASSIFICATION NUMBER
Classification number AGR THA 2002 B027 Or.1
100 ## - MAIN ENTRY--PERSONAL NAME
9 (RLIN) 578
Personal name THAN, BUNRIM.
245 ## - TITLE STATEMENT
Title germination study on rubber seeds of different varieties at chup rubber company (ដំណុះភាពកៅស៊ូទៅតាមប្រភេទនៃគ្រាប់ពូជផ្សេងៗគ្នា នៅក្រុមហ៊ុនចំការកៅស៊ូជុប)
260 ## - PUBLICATION, DISTRIBUTION, ETC. (IMPRINT)
Place of publication, distribution, etc. Phnom Penh
Name of publisher, distributor, etc. RUA
Date of publication, distribution, etc. 2002
300 ## - PHYSICAL DESCRIPTION
Extent 39p.
Other physical details ill.
Dimensions 29cm.
942 ## - ADDED ENTRY ELEMENTS (KOHA)
Source of classification or shelving scheme
Koha item type AGR
Holdings
Price effective from Date last seen Permanent Location Not for loan Date acquired Source of classification or shelving scheme Koha item type Lost status Withdrawn status Date last checked out Total Checkouts Shelving location Damaged status Barcode Current Location Full call number
2015-09-162015-09-16Library Block B 2015-09-16 AGR    B027 RUA002091Library Block BAGR THA 2002 B027 Or.1
2015-09-162020-08-12Library Block B 2015-09-16 AGR  2019-12-301B027 RUA002380Library Block BAGR THA 2002 B027 Or.2
មជ្ឈមណ្ឌលឯការនៃសាកលវិទ្យាល័យភូមិន្ទកសិកម្មចំការដូង

Powered by Koha